La lengua y cultura de los sumos de Honduras /

保存先:
書誌詳細
第一著者: Martínez Landero, Francisco
フォーマット: 不明
言語:Spanish
出版事項: Tegucigalpa : Instituto Hondureño de Antropología e Historia, 1980.
シリーズ:(Estudios Antropológicos e Históricos ; número 3)
主題:
タグ: タグ追加
タグなし, このレコードへの初めてのタグを付けませんか!

MARC

LEADER 000000000a22000000004500
001 002701
041 0 |a spa 
082 0 4 |a 306.089.97   |b M385L 
100 1 |a Martínez Landero, Francisco 
245 1 3 |a La lengua y cultura de los sumos de Honduras /   |c Francisco Martínez Landero. 
260 1 |a Tegucigalpa :   |b Instituto Hondureño de Antropología e Historia,   |c 1980. 
300 |a 49 páginas 
490 1 |a (Estudios Antropológicos e Históricos ;   |v número 3) 
650 4 |a INDIGENAS DE AMERICA CENTRAL 
650 4 |a VIDA SOCIAL Y COSTUMBRES 
650 4 |a HONDURAS 
999 |c 9069  |d 9069 
942 |c BK  |h 306.089.97 M385L  |2 z